01249nam a2200277 u 450000100100000000500170001000800410002702000190006804300120008710000300009924500810012925000120021026000390022230000110026149000310027250000620030350000390036550000410040452003660044565000210081165000250083265000250085765000330088265000350091570000210095000004797720200120222528.0120326s2008 cau r 000 0 spa d a9788498450972. ae-sp---1 aPadilla, Ignacio,d1968-.14aLas tormentas del mar embotellado /cIgancio Padilla ; dibujos de Ana Ochoa. a1a. ed. aAlzira (España) :bAlgar,c2008. a104 p. aColección calcetínv37 aIncluye información biográfica del autor en la pasta. aAudiencia : A partir de 10 años. aIncluye índice al final del texto.3 a"El abuelo Enriquillo soñaba desde niño con marcharse del pueblo de Lejos y conocer el mar. Un día apareció, en medio del desierto, el capitán Añil. Iba en su misterioso barco y tenía una extraña botella que contenía un mar en su interior, con sus propias corrientes y tormentas, y hasta una isla : la isla de Cerca. ¡Únete a la aventura!."14aNovela infantil.24aLiteratura infantil.24aLiteratura mexicana.24aFantasía en la literatura.24aNavegación en la literatura.1 aOchoa, Ana,eil.